000 00629nab a2200193 4500
999 _c372390
_d372390
001 90031
003 OSt
005 20230420141320.0
007 tu
008 110905s2000|||||||
040 _aDE-2950
_cDE-2950
245 0 0 _aUmbau der alten Mensa dauert länger.
_bEuropa-Universität. Aus dem Gebäude, das zur Viadrina in Frankfurt gehört, soll bis Ende 2024 ein Co-Working-Space werden.
264 _c2023
653 _aFrankfurt (Oder)
653 _aEuropa-Universität Viadrina
653 _aCo-Working-Space
773 0 _g34. Jahrgang (2023) Nr. 92, 20.04.2023, S. 15: mit Foto
_tMärkische Oderzeitung
942 _2z
_cA